| Tag |
First Indicator |
Second Indicator |
Subfields |
| LEADER |
00000cam a2200000 4500 |
| 001 |
in00000031832 |
| 005 |
20151007063130.0 |
| 008 |
730802s1965 tnuch b 00010 eng |
| 010 |
|
|
|a 65025180
|
| 035 |
|
|
|a (OCoLC)00670129
|
| 035 |
|
|
|9 AAD6642AM
|
| 040 |
|
|
|a DLC
|c VUU
|d OCL
|d TXA
|d UtOrBLW
|
| 049 |
|
|
|a TXAM
|c [468637]
|
| 050 |
|
0 |
|a PS3507.A666
|b Z9
|
| 082 |
0 |
|
|a 811.52
|
| 092 |
|
|
|a 811
|b D252Yy
|
| 100 |
1 |
|
|a Young, Thomas Daniel,
|d 1919-1997.
|
| 245 |
1 |
0 |
|a Donald Davidson ;
|b an essay and a bibliography /
|c by Thomas Daniel Young and M. Thomas Inge.
|
| 264 |
|
1 |
|a Nashville :
|b Vanderbilt University Press,
|c 1965.
|
| 300 |
|
|
|a 118 pages :
|b facsimiles, portrait ;
|c 23 cm.
|
| 336 |
|
|
|a text
|b txt
|2 rdacontent
|
| 337 |
|
|
|a unmediated
|b n
|2 rdamedia
|
| 338 |
|
|
|a volume
|b nc
|2 rdacarrier
|
| 600 |
1 |
0 |
|a Davidson, Donald,
|d 1893-1968.
|
| 700 |
1 |
|
|a Inge, M. Thomas.
|
| 999 |
|
|
|a MARS
|
| 999 |
f |
f |
|s 92b1cd06-f421-3a3d-ac72-5361dbbe48e9
|i 3aae197a-8555-3e99-8de2-6056c3a53499
|t 0
|
| 952 |
f |
f |
|p ric
|a Texas A&M University
|b Rellis Campus
|c Joint Library Facility
|d Remote Storage
|t 0
|e PS3507.A666 Z9
|h Library of Congress classification
|i unmediated -- volume
|m A14801214552
|
| 998 |
f |
f |
|a PS3507.A666 Z9
|t 0
|l Remote Storage
|